Statistiques concernant Anagrammes aléatoires d'animaux

Cliquez ici pour prendre le quiz!

Statistiques générales

  • Ce quiz a été pris 28 916 fois
  • Le résultat moyen est 12 sur 20

Statistiques - réponses

Animal% Correct
Coq
96%
Zèbre
93%
Lama
92%
Oie
92%
Ver
92%
Chat
90%
Cerf
89%
Chien
89%
Loup
88%
Chèvre
87%
Lion
87%
Ours
87%
Tigre
87%
Vache
87%
Paon
86%
Cochon
85%
Jaguar
85%
Panda
85%
Hyène
84%
Lapin
84%
Libellule
84%
Hibou
81%
Poule
80%
Singe
79%
Kangourou
77%
Mouton
77%
Renne
77%
Buffle
76%
Poulpe
76%
Cheval
73%
Guépard
68%
Lézard
68%
Tortue
68%
Fourmi
67%
Méduse
67%
Crabe
66%
Requin
66%
Gazelle
64%
Poney
64%
Souris
64%
Poisson
63%
Phoque
62%
Pingouin
62%
Huître
61%
Cafard
59%
Léopard
59%
Oiseau
59%
Coyote
58%
Canard
55%
Chameau
55%
Serpent
55%
Moustique
54%
Crocodile
52%
Babouin
51%
Renard
51%
Abeille
50%
Calamar
50%
Gorille
50%
Loutre
50%
Perroquet
50%
Taureau
50%
Furet
49%
Baleine
47%
Poulet
47%
Chenille
45%
Castor
44%
Dauphin
44%
Hérisson
44%
Araignée
42%
Bélier
41%
Papillon
40%
Alligator
38%
Scarabée
37%
Bovins
36%
Hamster
34%
Moufette
33%
Agneau
32%
Homard
32%
Escargot
31%
Autruche
30%
Pélican
27%
Grenouille
24%
Antilope
22%
Sauterelle
20%
Blaireau
19%
Lamantin
18%
Anguille
14%
Tamia
13%
Suricate
9%
Orignal
7%

Distribution des résultats

Percentile par nombre de réponses

% des personnes avec chaque résultat

Votre développement - résultats

Vous n’avez pas pris ce quiz